000
00215 a2200097 4500
001
48158
100
_a
Woodman, D
245
_a
The making of Burma
260
_a
London
_b
The cresset press
_c
090
_c
31127
_d
31127
942
_a
NUST-CAE
_c
M
_c
23478
999
_c
283231
_d
283231